| 000 | 00895nam a2200313Ia 4500 | ||
|---|---|---|---|
| 008 | 160803s9999 xx 000 0 und d | ||
| 020 | _a0 590689517 | ||
| 100 | _aSeibold, J.otto | ||
| 245 | _aOlive, the other reindeer / | ||
| 245 | _cVivian Walsh and J. Otto Seibold ; illustrated by J. Otto Seibold ; [paper engineering by Ray Marshall]. | ||
| 260 | _aNew York : | ||
| 260 | _bScholastic Inc. | ||
| 260 | _c1997 | ||
| 300 | _aunnumbered pages : | ||
| 300 | _bcolor illustrations ; | ||
| 300 | _c24 cm | ||
| 500 | _aOriginally published: San Francisco : Chronicle Books, c1997 | ||
| 650 | _aChristmas -- | ||
| 650 | _aDogs -- | ||
| 650 | _aReindeer -- | ||
| 650 | _aSanta Claus -- | ||
| 650 | _aToy and movable books -- | ||
| 650 | _xFiction. | ||
| 650 | _xFiction. | ||
| 650 | _xFiction. | ||
| 650 | _xFiction. | ||
| 650 | _xSpecimens. | ||
| 700 | _a540 | ||
| 999 |
_c299160 _d299160 |
||